| 000 | 00836nac a22002657a 4500 | ||
|---|---|---|---|
| 001 | BR9805155 | ||
| 003 | BR-BrBNA | ||
| 005 | 20240105122135.0 | ||
| 008 | 230509b bl.|||m| |||| 00| 0 por d | ||
| 040 |
_aBR-BrBNA _bpor _cBiblioteca Nacional de Agricultura |
||
| 072 | _aL01 | ||
| 090 | _a7600 BR9805155 | ||
| 100 | 1 | _aAbreu, O.C. | |
| 100 | 1 | _aAbramides, P. | |
| 110 | 1 |
_aInstituto de Zootecnia, Sao Paulo, SP (Brasil) _96284 |
|
| 245 | 1 | _aTecnica de criacao do bicho-da-seda Bombix mori L. | |
| 260 | 3 |
_aSao Paulo, SP (Brasil): _c1974. |
|
| 300 | _a28 p. | ||
| 490 |
_aBoletim Tecnico - Instituto de Zootecnia (Brazil) _vno. 3 _x |
||
| 500 | _aSummaries (En, Pt); 18 illus.; 8 ref. | ||
| 650 | _aBicho da Seda | ||
| 650 | _aCriacao Intensiva | ||
| 909 |
_a202312 _bLúcia Elande _c55 _dLúcia Elande |
||
| 942 |
_2AGRIS _n0 _cMS |
||
| 999 |
_c289420 _d289420 |
||